Toxicology and applied pharmacology.
| Uniform Title: | Toxicology and applied pharmacology (Online) |
|---|---|
| Corporate Authors: | , , |
| Format: | Journal |
| Language: | English French German |
| Language Notes: | Chiefly in English with some articles in French and German. |
| Published: |
Orlando, Fla. :
Academic Press.
|
| Subjects: | |
| Online Availability: |
|
MARC
| Tag | First Indicator | Second Indicator | Subfields |
|---|---|---|---|
| LEADER | 00000cas a2200000 a 4500 | ||
| 001 | in00001434310 | ||
| 005 | 20151020094919.0 | ||
| 006 | m d | ||
| 007 | cr cnu | ||
| 008 | 970522c19uu9999flumr1p s 0 a0eng d | ||
| 010 | |a sn 97006943 | ||
| 012 | |l y | ||
| 022 | 0 | |a 1096-0333 |y 0041-008X | |
| 035 | |a (OCoLC)ocm36952988 | ||
| 035 | |a (OCoLC)36952988 | ||
| 035 | |9 AHS4543AM | ||
| 037 | |b Academic Press, 6277 Sea Harbor Dr., Orlando, FL 32887-4900 | ||
| 040 | |a OH1 |c OH1 |d NSD |d OCL |d NLM |d OCL |d UtOrBLW | ||
| 041 | 0 | |a eng |a fre |a ger | |
| 042 | |a nsdp |a lcd | ||
| 049 | |a TXAM | ||
| 082 | 1 | 0 | |a 632 |2 12 |
| 090 | |a RA1190 |b .S627 Electronic | ||
| 130 | 0 | |a Toxicology and applied pharmacology (Online) | |
| 210 | 0 | |a Toxicol. appl. pharmacol. |b (Online) | |
| 222 | 0 | |a Toxicology and applied pharmacology |b (Online) | |
| 245 | 1 | 0 | |a Toxicology and applied pharmacology. |
| 264 | 1 | |a Orlando, Fla. : |b Academic Press. | |
| 310 | |a Monthly | ||
| 336 | |a text |b txt |2 rdacontent | ||
| 337 | |a computer |b c |2 rdamedia | ||
| 338 | |a online resource |b cr |2 rdacarrier | ||
| 500 | |a Made available through: OCLC FirstSearch Electronic Collections Online. | ||
| 500 | |a Description based on: Volume 134, number 2 (Oct. 1995); title from title information screen. | ||
| 506 | |a Subscription and registration required for access. | ||
| 516 | |a Online abstracts and tables of contents are HTML encoded, articles are in portable document format (pdf). | ||
| 530 | |a Online version of the print title: Toxicology and applied pharmacology. | ||
| 538 | |a System requirements: Internet connectivity, World Wide Web browser, and Adobe Acrobat reader. | ||
| 538 | |a Mode of access: World Wide Web. | ||
| 546 | |a Chiefly in English with some articles in French and German. | ||
| 550 | |a Official journal of: the Society of Toxicology. | ||
| 550 | |a Digitized and made available by: IDEAL (Project). | ||
| 550 | |a After 2002, online access provided by Science Direct. | ||
| 500 | |a Electronic resource. | ||
| 650 | 0 | |a Toxicology |v Periodicals. | |
| 650 | 0 | |a Pharmacology |v Periodicals. | |
| 650 | 2 | |a Pharmacology |x periodicals. | |
| 650 | 2 | |a Toxicology |x periodicals. | |
| 710 | 2 | |a Society of Toxicology (U.S.) | |
| 710 | 2 | |a IDEAL (Project) | |
| 710 | 2 | |a ScienceDirect (Online service) | |
| 776 | 1 | |t Toxicology and applied pharmacology |x 0041-008X |w (DLC) 63005485 |w (OCoLC)1695655 | |
| 936 | |a Vol. 146, no. 1 (Sept. 1997) LIC | ||
| 949 | |a MFHD URL added |b h |c 2002/11/7 |d c |e rstovall5 |f 5:49:45 pm | ||
| 949 | |a batch update-edit 856 |c 2002/04/13 |e ahighsmi | ||
| 949 | |a correct ind 2 in 856 |c 2002/04/17 |e ahighsmi | ||
| 994 | |a 92 |b TXA | ||
| 999 | |a MARS | ||
| 999 | f | f | |s e781ba7f-73a1-3df7-bd1b-2a7bdc20c5cc |i 55a33418-4f55-33c2-a23d-88d8bec7bdc4 |t 0 |
| 952 | f | f | |a Texas A&M University |b College Station |c Electronic Resources |d Available Online |t 0 |e RA1190 .S627 |g Electronic |h Library of Congress classification |
| 998 | f | f | |a RA1190 .S627 |t 0 |l Available Online |